| 000 | 00435nam a22001697a 4500 | ||
|---|---|---|---|
| 005 | 20160428164048.0 | ||
| 008 | 160428b xxu||||| |||| 00| 0 eng d | ||
| 020 | _a0-07-058613-6 | ||
| 041 | _aeng | ||
| 082 | _b00695 | ||
| 100 |
_aHsu, Hwei P. _9189 |
||
| 245 | _aSignals and Systems (Schaum's Outlines Series) | ||
| 260 |
_aNew Delhi _bTMH Publ.co.Ltd. _c205 |
||
| 300 | _a466 | ||
| 650 |
_aInformation Technology _9137 |
||
| 942 | _cBK | ||
| 999 |
_c203 _d203 |
||